[Event "Titled Tuesday intern op 06th Feb Early"]
[Site "Chess.com INT"]
[Date "2024.02.06"]
[Round "2"]
[White "Voicu, Teodor Mihnea"]
[Black "Moiseenko, Alexander"]
[Result "0-1"]
[WhiteElo "2145"]
[BlackElo "2570"]
[PlyCount "66"]
[EventDate "2024.02.06"]
[EventType "swiss (blitz)"]
[EventRounds "11"]
[EventCountry "USA"]
[SourceTitle "CB07_2024"]
[SourceDate "2024.02.14"]
[SourceVersion "1"]
[SourceVersionDate "2024.02.14"]
[SourceQuality "1"]

1. d4 Nf6 2. c4 c5 3. d5 b5 4. cxb5 a6 5. b6 g6 6. Nc3 Bg7 7. Nf3 0-0 8. e4 d6 9. Nd2 Nfd7 10. Bd3 Nxb6 11. 0-0 e6 12. Nc4 Nxc4 13. Bxc4 Kh8 14. Be3 Qe7 15. Qd2 Nd7 16. Rad1 e5 17. a3 f5 18. f3 f4 19. Bf2 g5 20. b4 cxb4 21. axb4 Nf6 22. Rfe1 g4 23. b5 g3 24. Bb6 gxh2+ 25. Kxh2 axb5 26. Bxb5 Nh5 27. Bf2 Ng3 28. Bxg3 fxg3+ 29. Kxg3 Rg8 30. Kh2 Bf6 31. Ne2 Qg7 32. g4 Bxg4 33. Rg1 Bg5 0-1

[Event "Wch Blitz"]
[Site "Samarkand"]
[Date "2023.12.30"]
[Round "20"]
[White "Moiseenko, Alexander"]
[Black "Abdurakhmanov, Mukhmmadali"]
[Result "1/2-1/2"]
[WhiteElo "2570"]
[BlackElo "2409"]
[PlyCount "121"]
[EventDate "2023.12.29"]
[EventType "swiss (blitz)"]
[EventRounds "21"]
[EventCountry "UZB"]
[SourceTitle "CB01_2024"]
[SourceDate "2024.01.03"]
[SourceVersion "1"]
[SourceVersionDate "2024.01.03"]
[SourceQuality "1"]

1. d4 Nf6 2. Bg5 d5 3. e3 c5 4. Bxf6 gxf6 5. dxc5 Nc6 6. a3 e6 7. b4 a5 8. Nd2 axb4 9. axb4 Rxa1 10. Qxa1 Nxb4 11. Qa4+ Nc6 12. Bb5 Bd7 13. Nb3 Rg8 14. g3 f5 15. Ne2 Rg4 16. f4 h5 17. Kf2 h4 18. Ned4 Qc8 19. Bxc6 Bxc6 20. Nxc6 Qxc6 21. Qxc6+ bxc6 22. Ra1 hxg3+ 23. hxg3 Be7 24. Ra8+ Kd7 25. Ra7+ Kd8 26. Na5 Bxc5 27. Nxc6+ Kc8 28. Rxf7 Rg6 29. Ne7+ Bxe7 30. Rxe7 Rh6 31. Ke2 Kd8 32. Rg7 Ke8 33. Kd3 Kf8 34. Ra7 Rg6 35. Kd4 Rxg3 36. Ra3 Kf7 37. Ke5 Kg6 38. Rb3 Kf7 39. Rd3 Rh3 40. Ra3 Rg3 41. Rb3 Rh3 42. Rb7+ Kg6 43. Kxe6 Rxe3+ 44. Kxd5 Rc3 45. Rb6+ Kh5 46. Rc6 Ra3 47. Rc4 Kg4 48. Ke5 Ra5+ 49. Kd6 Ra6+ 50. Kc5 Re6 51. Kd5 Re1 52. c3 Rd1+ 53. Kc6 Rf1 54. Kd5 Rxf4 55. Rxf4+ Kxf4 56. c4 Kg3 57. c5 f4 58. c6 f3 59. c7 f2 60. c8Q f1Q 61. Ke4 1/2-1/2

[Event "Wch Blitz"]
[Site "Samarkand"]
[Date "2023.12.30"]
[Round "18"]
[White "Moiseenko, Alexander"]
[Black "Zhalmakhanov, Ramazan"]
[Result "1-0"]
[WhiteElo "2570"]
[BlackElo "2493"]
[PlyCount "73"]
[EventDate "2023.12.29"]
[EventType "swiss (blitz)"]
[EventRounds "21"]
[EventCountry "UZB"]
[SourceTitle "CB01_2024"]
[SourceDate "2024.01.03"]
[SourceVersion "1"]
[SourceVersionDate "2024.01.03"]
[SourceQuality "1"]

1. d4 d6 2. e4 Nf6 3. Nc3 g6 4. Be3 c6 5. Qd2 Nbd7 6. Nf3 b5 7. Bd3 e5 8. h3 Bg7 9. 0-0 0-0 10. a4 b4 11. Ne2 c5 12. dxc5 dxc5 13. Ng3 Bb7 14. Rfd1 Qc7 15. b3 Rad8 16. Bh6 Ne8 17. Bxg7 Kxg7 18. Bb5 Bc6 19. Bxc6 Qxc6 20. Nxe5 Nxe5 21. Qxd8 Nf6 22. Qd6 Re8 23. f3 Qc8 24. Nf1 h5 25. Rd2 c4 26. Qxb4 c3 27. Rf2 h4 28. Rd1 Nh5 29. Ne3 Nf4 30. Nd5 Nxh3+ 31. gxh3 Qxh3 32. Qxc3 f6 33. Rdf1 Rc8 34. Qe3 Rc6 35. Qxa7+ Kh6 36. Qe3+ Kg7 37. Rg2 1-0

[Event "Wch Blitz"]
[Site "Samarkand"]
[Date "2023.12.29"]
[Round "8"]
[White "Moiseenko, Alexander"]
[Black "Karthik, Venkataraman"]
[Result "0-1"]
[WhiteElo "2570"]
[BlackElo "2609"]
[PlyCount "74"]
[EventDate "2023.12.29"]
[EventType "swiss (blitz)"]
[EventRounds "21"]
[EventCountry "UZB"]
[SourceTitle "CB01_2024"]
[SourceDate "2024.01.03"]
[SourceVersion "1"]
[SourceVersionDate "2024.01.03"]
[SourceQuality "1"]

1. d4 d5 2. c4 e6 3. Nc3 Nf6 4. Bg5 Be7 5. e3 Nbd7 6. Nf3 h6 7. Bh4 c6 8. Bd3 0-0 9. 0-0 dxc4 10. Bxc4 b5 11. Bd3 Bb7 12. a3 a5 13. Ne5 Nxe5 14. dxe5 Nd7 15. Bxe7 Qxe7 16. f4 Nc5 17. Bb1 b4 18. Ne2 Ba6 19. Rf2 Bxe2 20. Rxe2 Rfd8 21. Qc2 g6 22. axb4 axb4 23. Rxa8 Rxa8 24. h3 Ra1 25. Kh2 b3 26. Qd1 Kg7 27. Re1 Qd7 28. Qe2 Qb7 29. Qf2 Qb4 30. Qh4 g5 31. Qg3 Ne4 32. Qf3 Qxe1 33. Bxe4 Qg1+ 34. Kg3 Qd1 35. Qf2 Qe1 36. Bxc6 Qxf2+ 37. Kxf2 Ra2 0-1

[Event "Wch Blitz"]
[Site "Samarkand"]
[Date "2023.12.29"]
[Round "4"]
[White "Moiseenko, Alexander"]
[Black "Yu, Yangyi"]
[Result "0-1"]
[WhiteElo "2570"]
[BlackElo "2714"]
[PlyCount "70"]
[EventDate "2023.12.29"]
[EventType "swiss (blitz)"]
[EventRounds "21"]
[EventCountry "UZB"]
[SourceTitle "CB01_2024"]
[SourceDate "2024.01.03"]
[SourceVersion "1"]
[SourceVersionDate "2024.01.03"]
[SourceQuality "1"]

1. d4 Nf6 2. c4 e6 3. Nc3 Bb4 4. Nf3 b6 5. e3 Ne4 6. Qc2 Bb7 7. Bd3 Ng5 8. Nxg5 Qxg5 9. f3 Bxc3+ 10. bxc3 Qh4+ 11. Qf2 Qxf2+ 12. Kxf2 Ba6 13. Be4 Nc6 14. c5 f5 15. Bxc6 dxc6 16. a4 Bc4 17. Ba3 a5 18. cxb6 cxb6 19. Rhb1 b5 20. Bd6 Kd7 21. Be5 Rhg8 22. h4 g6 23. Kg3 h6 24. Rb2 Ra7 25. Kf2 Kc8 26. Rbb1 Kb7 27. Rb2 Ka6 28. Rbb1 Rb7 29. Bd6 Rgg7 30. Bc5 bxa4 31. Rxb7 Rxb7 32. Rxa4 Rb2+ 33. Kg3 Bb5 34. Ra1 g5 35. hxg5 hxg5 0-1

[Event "AI Cup Play In"]
[Site "Chess.com INT"]
[Date "2023.09.18"]
[Round "2"]
[White "Martinez Alcantara, Jose Eduardo"]
[Black "Moiseenko, Alexander"]
[Result "1-0"]
[WhiteElo "2611"]
[BlackElo "2579"]
[PlyCount "69"]
[EventDate "2023.09.18"]
[EventType "swiss (rapid)"]
[EventRounds "9"]
[EventCountry "USA"]
[SourceTitle "EXT 2024"]
[Source "ChessBase"]
[SourceDate "2023.10.10"]
[SourceVersion "1"]
[SourceVersionDate "2023.10.10"]
[SourceQuality "1"]

1. e4 c5 2. Nf3 Nc6 3. c3 e6 4. d4 d5 5. exd5 exd5 6. Be3 cxd4 7. Nxd4 Nf6 8. Be2 Bd6 9. Nd2 0-0 10. 0-0 Re8 11. h3 h6 12. N2f3 Ne4 13. Qb3 a5 14. a4 Bb8 15. Rad1 Nxd4 16. Rxd4 Ng3 17. Re1 Nxe2+ 18. Rxe2 Ra6 19. Rxd5 Qe7 20. Rdd2 Re6 21. Qb5 Bc7 22. Nd4 Re5 23. Qc4 Re4 24. Qb5 Re5 25. Qd3 Qf6 26. Nf3 Bf5 27. Qc4 R5e7 28. Bd4 Qg6 29. Nh4 Qg5 30. Nxf5 Qxf5 31. g3 Qf3 32. Rxe7 Rxe7 33. Qf1 h5 34. Rd3 Qe4 35. Re3 1-0

[Event "AI Cup Play In"]
[Site "Chess.com INT"]
[Date "2023.09.18"]
[Round "1"]
[White "Moiseenko, Alexander"]
[Black "Hakobyan, Aram"]
[Result "0-1"]
[WhiteElo "2579"]
[BlackElo "2617"]
[PlyCount "90"]
[EventDate "2023.09.18"]
[EventType "swiss (rapid)"]
[EventRounds "9"]
[EventCountry "USA"]
[SourceTitle "EXT 2024"]
[Source "ChessBase"]
[SourceDate "2023.10.10"]
[SourceVersion "1"]
[SourceVersionDate "2023.10.10"]
[SourceQuality "1"]

1. d4 Nf6 2. Bg5 d5 3. e3 c5 4. Bxf6 gxf6 5. dxc5 e6 6. c4 dxc4 7. Nd2 c3 8. bxc3 Bxc5 9. Ngf3 0-0 10. Be2 f5 11. 0-0 Nd7 12. Nd4 Nf6 13. Qc2 Bd7 14. Bf3 Qc7 15. Rab1 Rab8 16. Rfc1 Rfc8 17. c4 Ba3 18. Rd1 Bd6 19. g3 b5 20. Be2 a5 21. Qd3 b4 22. Nb5 Bxb5 23. cxb5 Nd5 24. Rbc1 Nc3 25. Nb1 Nxe2+ 26. Qxe2 Qxc1 27. Rxc1 Rxc1+ 28. Kg2 Be5 29. Nd2 Rc5 30. e4 fxe4 31. Nxe4 Rcxb5 32. Qg4+ Kf8 33. Qh5 a4 34. Ng5 R8b7 35. Nxh7+ Kg8 36. Ng5 b3 37. axb3 axb3 38. Qg4 Bg7 39. Qd1 b2 40. Qd8+ Bf8 41. Ne4 b1Q 42. Nf6+ Kg7 43. Ne8+ Kh8 44. Qh4+ Qh7 45. Qd4+ e5 0-1

[Event "AI Cup Play In"]
[Site "Chess.com INT"]
[Date "2023.09.18"]
[Round "4"]
[White "Moiseenko, Alexander"]
[Black "Potkin, Vladimir"]
[Result "1-0"]
[WhiteElo "2579"]
[BlackElo "2564"]
[PlyCount "41"]
[EventDate "2023.09.18"]
[EventType "swiss (rapid)"]
[EventRounds "9"]
[EventCountry "USA"]
[SourceTitle "EXT 2024"]
[Source "ChessBase"]
[SourceDate "2023.10.10"]
[SourceVersion "1"]
[SourceVersionDate "2023.10.10"]
[SourceQuality "1"]

1. d4 Nf6 2. Bg5 d5 3. e3 c5 4. Bxf6 gxf6 5. Nf3 Nc6 6. Bb5 Rg8 7. Nc3 Rxg2 8. dxc5 e6 9. b4 a5 10. a3 Bg7 11. Rb1 axb4 12. axb4 Kf8 13. Ne2 Rg4 14. Nf4 f5 15. h3 Rxf4 16. exf4 Nxb4 17. Kf1 Na2 18. Ne5 Nc3 19. Qh5 Qc7 20. Rg1 f6 21. Qe8# 1-0

[Event "Astana Zhuldyzdary op-A"]
[Site "Astana"]
[Date "2023.07.16"]
[Round "8"]
[White "Moiseenko, Alexander"]
[Black "Tsaruk, Maksim"]
[Result "1-0"]
[WhiteElo "2575"]
[BlackElo "2393"]
[PlyCount "61"]
[EventDate "2023.07.11"]
[EventType "swiss"]
[EventRounds "10"]
[EventCountry "KAZ"]
[SourceTitle "CBM 215 Extra"]
[Source "ChessBase"]
[SourceDate "2023.09.30"]
[SourceVersion "1"]
[SourceVersionDate "2023.09.30"]
[SourceQuality "1"]

1. d4 Nf6 2. c4 e6 3. Nc3 Bb4 4. Nf3 b6 5. Bg5 Bb7 6. Nd2 h6 7. Bh4 c5 8. d5 Qe7 9. f3 g5 10. Bg3 Bxc3 11. bxc3 exd5 12. cxd5 Bxd5 13. e4 Nc6 14. Be2 Be6 15. f4 gxf4 16. Bxf4 Ng4 17. 0-0 Nge5 18. Nf3 f6 19. a4 Rg8 20. a5 Qg7 21. Bg3 Nxa5 22. Nxe5 fxe5 23. Qd6 Nc4 24. Qc7 Qg5 25. Bxc4 Bxc4 26. Rf5 Qe3+ 27. Kh1 Be6 28. Qxe5 Qd2 29. Raf1 a5 30. Rf6 Qa2 31. Qd6 1-0

[Event "Astana Zhuldyzdary op-A"]
[Site "Astana"]
[Date "2023.07.15"]
[Round "6"]
[White "Moiseenko, Alexander"]
[Black "Makhnev, Denis"]
[Result "1/2-1/2"]
[WhiteElo "2575"]
[BlackElo "2454"]
[PlyCount "27"]
[EventDate "2023.07.11"]
[EventType "swiss"]
[EventRounds "10"]
[EventCountry "KAZ"]
[SourceTitle "CBM 215 Extra"]
[Source "ChessBase"]
[SourceDate "2023.09.30"]
[SourceVersion "1"]
[SourceVersionDate "2023.09.30"]
[SourceQuality "1"]

1. d4 d5 2. c4 e6 3. Nc3 c6 4. e3 Nf6 5. Nf3 Nbd7 6. Bd3 dxc4 7. Bxc4 b5 8. Be2 b4 9. Na4 Bb7 10. 0-0 Be7 11. a3 a5 12. b3 0-0 13. axb4 axb4 14. Bb2 1/2-1/2

[Event "Titled Tuesday intern op 27th Jun Early"]
[Site "Chess.com INT"]
[Date "2023.06.27"]
[Round "6"]
[White "Moiseenko, Alexander"]
[Black "Ibadov, Dashgyn"]
[Result "1-0"]
[WhiteElo "2575"]
[BlackElo "2391"]
[PlyCount "85"]
[EventDate "2023.06.27"]
[EventType "swiss (blitz)"]
[EventRounds "11"]
[EventCountry "USA"]
[SourceTitle "EXT 2024"]
[Source "ChessBase"]
[SourceDate "2023.10.10"]
[SourceVersion "1"]
[SourceVersionDate "2023.10.10"]
[SourceQuality "1"]

1. d4 d5 2. c4 e6 3. Nc3 c6 4. Nf3 Nf6 5. Bg5 Nbd7 6. e3 Qa5 7. cxd5 Nxd5 8. Rc1 Bb4 9. a3 Bxc3+ 10. bxc3 Qxa3 11. Bd3 Nxc3 12. Qd2 Nd5 13. 0-0 0-0 14. e4 N5b6 15. h4 f6 16. Bf4 Qe7 17. h5 e5 18. Bg3 h6 19. Nh4 Qf7 20. Ng6 Re8 21. Bb1 Nf8 22. dxe5 Nxg6 23. hxg6 Qxg6 24. exf6 gxf6 25. Rc3 Be6 26. Bf4 Rad8 27. Qc1 h5 28. Rg3 Bg4 29. f3 Rd4 30. fxg4 h4 31. Rgf3 Qxg4 32. Be3 Rd6 33. Qe1 Kg7 34. Rf4 Qg3 35. Rxh4 Qxe1 36. Rxe1 Nc4 37. Bh6+ Kf7 38. Ba2 Rd4 39. Be3 Rexe4 40. Bxd4 Rxe1+ 41. Kh2 Rc1 42. Be3 b5 43. Bxc1 1-0

[Event "Malakhatko Memorial op"]
[Site "Chess.com INT"]
[Date "2023.06.14"]
[Round "1"]
[White "Datsuk, Taras"]
[Black "Moiseenko, Alexander"]
[Result "0-1"]
[WhiteElo "2087"]
[BlackElo "2575"]
[PlyCount "76"]
[EventDate "2023.06.14"]
[EventType "swiss (blitz)"]
[EventRounds "11"]
[EventCountry "USA"]
[SourceTitle "CBM 214 Extra"]
[Source "ChessBase"]
[SourceDate "2023.07.31"]
[SourceVersion "1"]
[SourceVersionDate "2023.07.31"]
[SourceQuality "1"]

1. e4 g6 2. d4 Bg7 3. f4 d5 4. e5 Nh6 5. c4 0-0 6. Nc3 c6 7. Nf3 Bg4 8. Be2 dxc4 9. Be3 b5 10. 0-0 Nd7 11. h3 Be6 12. Ng5 Bd5 13. Nxd5 cxd5 14. g4 e6 15. Qd2 Kh8 16. Rae1 a5 17. Kh2 b4 18. Kg3 Rc8 19. f5 gxf5 20. Nxe6 fxe6 21. Bxh6 c3 22. Bxg7+ Kxg7 23. bxc3 Rxc3+ 24. Rf3 f4+ 25. Kg2 Rxf3 26. Bxf3 Qh4 27. Qf2 Qxf2+ 28. Kxf2 Rc8 29. Re2 Nb6 30. h4 Rc4 31. Rd2 Rc3 32. g5 Nc4 33. Re2 Ne3 34. Bh5 Nf5 35. Bg4 Ng3 36. Re1 Ne4+ 37. Kf1 Kf7 38. Rd1 a4 0-1

[Event "Malakhatko Memorial op"]
[Site "Chess.com INT"]
[Date "2023.06.14"]
[Round "7"]
[White "Golichenko, Ilja"]
[Black "Moiseenko, Alexander"]
[Result "0-1"]
[WhiteElo "2427"]
[BlackElo "2575"]
[PlyCount "72"]
[EventDate "2023.06.14"]
[EventType "swiss (blitz)"]
[EventRounds "11"]
[EventCountry "USA"]
[SourceTitle "CBM 214 Extra"]
[Source "ChessBase"]
[SourceDate "2023.07.31"]
[SourceVersion "1"]
[SourceVersionDate "2023.07.31"]
[SourceQuality "1"]

1. d4 Nf6 2. c4 e6 3. Nc3 Bb4 4. Qc2 d5 5. a3 Bxc3+ 6. Qxc3 c5 7. dxc5 d4 8. Qc2 e5 9. e3 0-0 10. Bd3 Re8 11. exd4 exd4+ 12. Ne2 a5 13. b3 Na6 14. 0-0 Nxc5 15. Bb2 Nxd3 16. Qxd3 Bf5 17. Qd2 d3 18. Ng3 Ne4 19. Nxe4 Rxe4 20. Rfe1 f6 21. Rxe4 Bxe4 22. Re1 Bg6 23. h4 a4 24. b4 Qd7 25. Re3 h5 26. Bc3 Kh7 27. Qe1 Rd8 28. Bd2 Qg4 29. Rg3 Qxc4 30. Qe7 Re8 31. Qxb7 Re2 32. Be3 d2 33. Bxd2 Rxd2 34. Qa7 Rd1+ 35. Kh2 Qxh4+ 36. Rh3 Qf4+ 0-1

[Event "Malakhatko Memorial op"]
[Site "Chess.com INT"]
[Date "2023.06.14"]
[Round "4"]
[White "Moiseenko, Alexander"]
[Black "Pyrig, Roman"]
[Result "1-0"]
[WhiteElo "2575"]
[BlackElo "2112"]
[PlyCount "75"]
[EventDate "2023.06.14"]
[EventType "swiss (blitz)"]
[EventRounds "11"]
[EventCountry "USA"]
[SourceTitle "CBM 214 Extra"]
[Source "ChessBase"]
[SourceDate "2023.07.31"]
[SourceVersion "1"]
[SourceVersionDate "2023.07.31"]
[SourceQuality "1"]

1. d4 Nf6 2. Bg5 Ne4 3. Bf4 d5 4. f3 Nf6 5. Nc3 e6 6. e4 dxe4 7. fxe4 Bb4 8. Bd3 Nc6 9. Nf3 a6 10. e5 Nd5 11. Bd2 h6 12. 0-0 Nxc3 13. bxc3 Ba5 14. Qe2 Qe7 15. c4 Bxd2 16. Qxd2 Bd7 17. Rab1 Rb8 18. Qe3 Nb4 19. Be4 Bc6 20. a3 Bxe4 21. Qxe4 Nc6 22. Qxc6+ bxc6 23. Rxb8+ Kd7 24. Rxh8 Qxa3 25. h3 a5 26. Ng5 Qe3+ 27. Kh1 c5 28. d5 exd5 29. cxd5 f6 30. e6+ Ke7 31. Nf3 Qe4 32. Rg8 Qxd5 33. Re1 g5 34. Rg7+ Ke8 35. Rxc7 Qd6 36. Ra7 Qb6 37. Rh7 Qb4 38. e7 1-0

[Event "Malakhatko Memorial op"]
[Site "Chess.com INT"]
[Date "2023.06.14"]
[Round "10"]
[White "Moiseenko, Alexander"]
[Black "Vlassov, Nikolai"]
[Result "1-0"]
[WhiteElo "2575"]
[BlackElo "2283"]
[PlyCount "73"]
[EventDate "2023.06.14"]
[EventType "swiss (blitz)"]
[EventRounds "11"]
[EventCountry "USA"]
[SourceTitle "CBM 214 Extra"]
[Source "ChessBase"]
[SourceDate "2023.07.31"]
[SourceVersion "1"]
[SourceVersionDate "2023.07.31"]
[SourceQuality "1"]

1. d4 Nf6 2. Bg5 e6 3. e4 h6 4. Bxf6 Qxf6 5. c3 d5 6. Bd3 c5 7. Nf3 cxd4 8. cxd4 Bb4+ 9. Nc3 dxe4 10. Bxe4 0-0 11. 0-0 Nc6 12. Rc1 Bd7 13. d5 Ne5 14. Nxe5 Qxe5 15. Re1 Qf6 16. Qb3 Bxc3 17. Qxc3 Qxc3 18. Rxc3 Rac8 19. dxe6 Bxe6 20. Ra3 a6 21. f4 Rc7 22. f5 Bd7 23. Kf2 Re8 24. Rae3 Kf8 25. g4 Bc6 26. Rc3 Rce7 27. Bxc6 Rxe1 28. Bxe8 Rxe8 29. Rc7 Re7 30. Rc8+ Re8 31. Rxe8+ Kxe8 32. Ke3 Ke7 33. Kd4 Kd6 34. a4 b6 35. b4 f6 36. b5 a5 37. h3 1-0

[Event "Aimchess Play In op"]
[Site "Chess.com INT"]
[Date "2023.06.12"]
[Round "3"]
[White "Skliarov, Viktor"]
[Black "Moiseenko, Alexander"]
[Result "1/2-1/2"]
[WhiteElo "2383"]
[BlackElo "2575"]
[PlyCount "127"]
[EventDate "2023.06.12"]
[EventType "swiss (rapid)"]
[EventRounds "9"]
[EventCountry "USA"]
[SourceTitle "CBM 214 Extra"]
[Source "ChessBase"]
[SourceDate "2023.07.31"]
[SourceVersion "1"]
[SourceVersionDate "2023.07.31"]
[SourceQuality "1"]

1. e4 c5 2. Nf3 e6 3. c3 d5 4. e5 d4 5. Bb5+ Bd7 6. Bxd7+ Qxd7 7. d3 Nc6 8. cxd4 cxd4 9. Nbd2 Nge7 10. 0-0 Ng6 11. Re1 Be7 12. a4 0-0 13. Nc4 b6 14. Qe2 Qd5 15. Bd2 Rab8 16. g3 a6 17. a5 bxa5 18. Bxa5 Rb5 19. Bc7 Bb4 20. Rec1 Qd7 21. Bd6 Bxd6 22. exd6 a5 23. Ra4 Rfb8 24. Rca1 h6 25. h4 f6 26. Nxa5 Nxa5 27. Rxa5 Rxa5 28. Rxa5 Qxd6 29. Qe4 Nf8 30. Qxd4 Qxd4 31. Nxd4 Rxb2 32. Ra8 Rb6 33. Ne2 Rd6 34. Nf4 Kf7 35. d4 g5 36. hxg5 hxg5 37. Ne2 Rd7 38. Kg2 Ng6 39. Kf3 Ne7 40. Ke4 Nd5 41. f4 f5+ 42. Kd3 g4 43. Nc3 Nf6 44. Ra5 Kg6 45. Re5 Rd6 46. d5 exd5 47. Kd4 Ne4 48. Nxe4 dxe4+ 49. Ke3 Rd3+ 50. Kf2 Rd2+ 51. Kf1 Kf6 52. Ra5 Ke6 53. Re5+ Kf6 54. Ra5 e3 55. Re5 Rf2+ 56. Kg1 Rf3 57. Kg2 Kg6 58. Re7 Rf2+ 59. Kg1 Re2 60. Kf1 Rf2+ 61. Kg1 Rf3 62. Kg2 Kf6 63. Re5 Kg6 64. Re7 1/2-1/2

[Event "ChessKid Cup Play In"]
[Site "Chess.com INT"]
[Date "2023.05.01"]
[Round "2"]
[White "Erigaisi, Arjun Kumar"]
[Black "Moiseenko, Alexander"]
[Result "1/2-1/2"]
[WhiteElo "2701"]
[BlackElo "2573"]
[PlyCount "115"]
[EventDate "2023.05.01"]
[EventType "swiss (blitz)"]
[EventRounds "9"]
[EventCountry "USA"]
[SourceTitle "CBM 214 Extra"]
[Source "ChessBase"]
[SourceDate "2023.07.31"]
[SourceVersion "1"]
[SourceVersionDate "2023.07.31"]
[SourceQuality "1"]

1. d4 Nf6 2. c4 e6 3. Nc3 Bb4 4. f3 d5 5. a3 Be7 6. e4 dxe4 7. fxe4 c5 8. d5 exd5 9. exd5 0-0 10. Be2 a6 11. Nf3 h6 12. 0-0 Bd6 13. h3 Re8 14. Bd3 Nbd7 15. b3 Ne5 16. Ra2 Nxd3 17. Qxd3 Bd7 18. g4 b5 19. g5 bxc4 20. bxc4 Bxh3 21. gxf6 Bxf1 22. Kxf1 Qxf6 23. Ne4 Qf5 24. Nf2 Qxd3+ 25. Nxd3 Re4 26. Rc2 Rb8 27. Nf2 Re7 28. Nh4 Rbe8 29. Nd3 Re4 30. Nf5 Bf8 31. d6 g6 32. Nxh6+ Bxh6 33. Bxh6 Rd4 34. Nxc5 Rxd6 35. Bf4 Rf6 36. Rf2 Rc6 37. Nd7 f6 38. Bc1 Ree6 39. Bb2 Rxc4 40. Nxf6+ Kf7 41. Nd5+ Ke8 42. Rh2 Kd7 43. Rd2 Kc6 44. Nb4+ Kb5 45. Rd5+ Ka4 46. Nd3 Kb3 47. Bd4 Kxa3 48. Ra5+ Kb3 49. Nc5+ Kb4 50. Ra4+ Kb5 51. Rxc4 Kxc4 52. Nxe6 Kd5 53. Nc7+ Kxd4 54. Nxa6 Ke3 55. Kg2 Kf4 56. Nc5 g5 57. Ne6+ Kf5 58. Nxg5 1/2-1/2

[Event "Kazakhstan Cup"]
[Site "Astana"]
[Date "2023.04.27"]
[Round "6"]
[White "Kozganbay, Erkin"]
[Black "Moiseenko, Alexander"]
[Result "0-1"]
[WhiteElo "2316"]
[BlackElo "2573"]
[PlyCount "108"]
[EventDate "2023.04.23"]
[EventType "swiss"]
[EventRounds "9"]
[EventCountry "KAZ"]
[SourceTitle "CBM 213 Extra"]
[Source "ChessBase"]
[SourceDate "2023.05.31"]
[SourceVersion "1"]
[SourceVersionDate "2023.05.31"]
[SourceQuality "1"]

1. Nf3 d5 2. g3 Nc6 3. d4 Bf5 4. c4 e6 5. Bg2 Nb4 6. 0-0 Nc2 7. cxd5 Nxa1 8. e4 Bxe4 9. dxe6 fxe6 10. Nc3 Bxf3 11. Qxf3 Nf6 12. Qe2 Kf7 13. Re1 Qd7 14. Bh3 Re8 15. Bg5 Bb4 16. Bxf6 Bxc3 17. bxc3 gxf6 18. Bg4 Re7 19. Bh5+ Kf8 20. Qf3 f5 21. Rxa1 Kg7 22. Qxb7 c5 23. Qf3 cxd4 24. Qf4 Rd8 25. cxd4 Kh8 26. Re1 Qxd4 27. Rd1 Qb6 28. Qg5 Rxd1+ 29. Bxd1 Rf7 30. Bb3 Qd6 31. Qe3 Qe7 32. Qe5+ Qf6 33. Qxe6 Qxe6 34. Bxe6 Rf6 35. Bb3 Kg7 36. Kg2 Rd6 37. Kf3 Kf6 38. Ke3 a5 39. h3 h5 40. h4 Rd7 41. Bc2 Rc7 42. Bb3 Ke5 43. Bd1 Rc3+ 44. Kd2 Ra3 45. Bb3 a4 46. Bf7 Kd4 47. Kc1 Rf3 48. Bxh5 Rxf2 49. a3 Rg2 50. Be8 Rxg3 51. Bxa4 Rxa3 52. Bd7 f4 53. Kd2 Ra2+ 54. Ke1 Ke5 0-1

[Event "Kazakhstan Cup"]
[Site "Astana"]
[Date "2023.04.26"]
[Round "4"]
[White "Suyarov, Mukhammadzokhid"]
[Black "Moiseenko, Alexander"]
[Result "1/2-1/2"]
[WhiteElo "2281"]
[BlackElo "2573"]
[PlyCount "69"]
[EventDate "2023.04.23"]
[EventType "swiss"]
[EventRounds "9"]
[EventCountry "KAZ"]
[SourceTitle "CBM 213 Extra"]
[Source "ChessBase"]
[SourceDate "2023.05.31"]
[SourceVersion "1"]
[SourceVersionDate "2023.05.31"]
[SourceQuality "1"]

1. d4 Nf6 2. Nc3 d5 3. Bf4 e6 4. Nb5 Bb4+ 5. c3 Ba5 6. a4 a6 7. b4 Nc6 8. bxa5 axb5 9. axb5 Nxa5 10. Qb1 Bd7 11. e3 0-0 12. f3 Nh5 13. Bg3 Nxg3 14. hxg3 h6 15. Kf2 Qe7 16. Rh5 f5 17. Bd3 Qd6 18. Ne2 Nc4 19. Rxa8 Rxa8 20. g4 Ra5 21. g5 Rxb5 22. Qh1 Be8 23. Rh3 h5 24. Rxh5 Bxh5 25. Qxh5 Qe7 26. Nf4 Rb2+ 27. Be2 Qf7 28. g6 Qf6 29. g3 Kf8 30. Qh7 Ke7 31. Nh5 Qf8 32. Nxg7 Kd6 33. Nh5 Rxe2+ 34. Kxe2 Qa8 35. Qh6 1/2-1/2

[Event "Airthings Masters Play In"]
[Site "Chess.com INT"]
[Date "2023.02.03"]
[Round "4"]
[White "Moiseenko, Alexander"]
[Black "Fedoseev, Vladimir1111"]
[Result "1-0"]
[WhiteElo "2577"]
[BlackElo "2674"]
[PlyCount "71"]
[EventDate "2023.02.03"]
[EventType "swiss (rapid)"]
[EventRounds "9"]
[EventCountry "USA"]
[SourceTitle "CBM 212 Extra"]
[Source "ChessBase"]
[SourceDate "2023.03.31"]
[SourceVersion "1"]
[SourceVersionDate "2023.03.31"]
[SourceQuality "1"]

1. d4 Nf6 2. Bg5 e6 3. e4 h6 4. Bxf6 Qxf6 5. c3 e5 6. Bc4 Nc6 7. Ne2 Qg6 8. 0-0 Qxe4 9. Ng3 Qf4 10. Re1 d6 11. Na3 Bd7 12. Nb5 0-0-0 13. Re4 Qg5 14. d5 Ne7 15. Nxa7+ Kb8 16. Bb5 f5 17. Rb4 Bxb5 18. Nxb5 c6 19. Qa4 Nxd5 20. Qa7+ Kc8 21. Nxd6+ Kd7 22. Nf7 Bxb4 23. Nxg5 hxg5 24. cxb4 g6 25. Qxb7+ Ke6 26. Rc1 Ne7 27. h3 Rb8 28. Qa7 Rxb4 29. b3 Rd8 30. Ne2 Re4 31. Nc3 Red4 32. a4 Rd2 33. a5 Rb2 34. Qb6 Rd6 35. a6 c5 36. Qxd6+ 1-0

[Event "Wch Blitz"]
[Site "Almaty"]
[Date "2022.12.30"]
[Round "19"]
[White "Christiansen, Johan Sebastian"]
[Black "Moiseenko, Alexander"]
[Result "1-0"]
[WhiteElo "2501"]
[BlackElo "2577"]
[PlyCount "81"]
[EventDate "2022.12.29"]
[EventType "swiss (blitz)"]
[EventRounds "21"]
[EventCountry "KAZ"]
[SourceTitle "CBM 212"]
[Source "ChessBase"]
[SourceDate "2023.02.28"]
[SourceVersion "1"]
[SourceVersionDate "2023.02.28"]
[SourceQuality "1"]

1. e4 c5 2. Nf3 Nc6 3. b4 cxb4 4. d4 d6 5. a3 g6 6. d5 Bg7 7. Ra2 Ne5 8. Nxe5 dxe5 9. axb4 Nf6 10. Bd3 0-0 11. 0-0 e6 12. c4 exd5 13. cxd5 Ne8 14. Be3 Nd6 15. Nd2 Bd7 16. Bc5 Nb5 17. Bxf8 Qxf8 18. Qb3 Nd4 19. Qb2 a6 20. Rc1 Bh6 21. Rc7 Qd8 22. Rc3 Qh4 23. Nf1 Rf8 24. Rc7 Bg4 25. d6 Rd8 26. Bc4 Kh8 27. Rxf7 Bf4 28. Rxf4 Rxd6 29. Rf8+ Kg7 30. Rf7+ Kh6 31. Qd2+ g5 32. Qe3 Qh5 33. h3 Be6 34. Bxe6 Rxe6 35. Rxb7 Qd1 36. b5 axb5 37. Raa7 Ne2+ 38. Kh2 Qxf1 39. Rxh7+ Kg6 40. Rag7+ Kf6 41. Qxg5# 1-0